| 000 | 00531nam a22001697a 4500 | ||
|---|---|---|---|
| 005 | 20240809132015.0 | ||
| 008 | 240809b |||||||| |||| 00| 0 eng d | ||
| 020 | _a0409016136 | ||
| 041 | _aEnglish | ||
| 082 | _a349 SOU | ||
| 100 | _lEnglish | ||
| 245 | _aButterworths Index and Noter-Up to the All South African Law Reports 1996 - 2000 | ||
| 260 |
_aDurban: _bButterworths Publishers (Pty) Ltd, _c2001 |
||
| 300 |
_bv, 1015 pages; _c25 cm. |
||
| 650 |
_aLegal practice _bLaw |
||
| 942 |
_cBK _6ALISON_BN_VRIES |
||
| 999 |
_c2553 _d2553 |
||